Conflicto social y presencia popular en la formulación y desarrollo de la política económica /
Αποθηκεύτηκε σε:
| Κύριος συγγραφέας: | |
|---|---|
| Μορφή: | Κείμενο |
| Θέματα: | |
| Ετικέτες: |
Προσθήκη ετικέτας
Δεν υπάρχουν, Καταχωρήστε ετικέτα πρώτοι!
|
MARC
| LEADER | 00000 a a2200000 04500 | ||
|---|---|---|---|
| 001 | 43658 | ||
| 003 | |||
| 040 | |||
| 100 | |a Rivera Urrutia, Eugenio | ||
| 245 | |a Conflicto social y presencia popular en la formulación y desarrollo de la política económica / |c Eugenio Rivera Urrutia | ||
| 650 | |a ESTADO | ||
| 650 | |a CONFLICTOS SOCIALES | ||
| 650 | |a POLITICA ECONOMICA | ||
| 773 | |g volumen12, número35 ( , 1983), páginas 189-207 | ||
| 999 | |c 29955 |d 29955 | ||
| 773 | 0 | |0 18875 |9 5328 |a Universidad de Costa Rica. |d San José, Costa Rica: Universidad de Costa Rica. Consejo Superior Universitario Centroamericano, 1972- |o 14006 |t Estudios Sociales Centroamericanos / |x 03039676 | |
